Online
Catalog

Discursos del yo soy para los hombres del minuto / (Record no. 23186)

MARC details
000 -CABECERA
campo de control de longitud fija 00847nam a2200229 a 4500
001 - NÚMERO DE CONTROL
campo de control 000023690
005 - FECHA Y HORA DE LA ÚLTIMA TRANSACCIÓN
campo de control 20200930022407.0
008 - DATOS DE LONGITUD FIJA--INFORMACIÓN GENERAL
campo de control de longitud fija 101220s1999 ve a r 000 0 spa d
020 ## - NÚMERO INTERNACIONAL ESTÁNDAR DEL LIBRO
Número Internacional Estándar del Libro 9806444000
040 ## - FUENTE DE LA CATALOGACIÓN
Centro catalogador/agencia de origen DO-SdBNP
Lengua de catalogación spa
Centro/agencia transcriptor BNPHU
041 17 - CÓDIGO DE LENGUA
Código de lengua del texto/banda sonora o título independiente spa
Código de lengua original eng
Fuente del código Código de idioma MARC
082 ## - NÚMERO DE LA CLASIFICACIÓN DECIMAL DEWEY
Número de clasificación NNN
Número de documento/Ítem G372d
049 ## - FONDOS LOCALES (OCLC)
Fondos de biblioteca BNGR
100 1# - ENTRADA PRINCIPAL--NOMBRE DE PERSONA
Nombre de persona Germain, Saint
9 (RLIN) 47563
240 10 - TÍTULO UNIFORME
Título uniforme The " i am" discourses of the minute men
Lenguaje de la obra Español.
245 10 - MENCIÓN DE TÍTULO
Título Discursos del yo soy para los hombres del minuto /
Mención de responsabilidad, etc. Saint Germain ; traducción de María Olijovsk ; prólogo Rubén Cedeño.
260 ## - PUBLICACIÓN, DISTRIBUCIÓN, ETC.
Lugar de publicación, distribución, etc. Caracas, Venezuela :
Nombre del editor, distribuidor, etc. Rowena Victory,
Fecha de publicación, distribución, etc. 1999.
300 ## - DESCRIPCIÓN FÍSICA
Extensión 356 p. :
Otras características físicas il. , retrs. ;
Dimensiones 21 cm.
534 ## - NOTA SOBRE LA VERSIÓN ORIGINAL
Encabezamiento principal del original Título original:
Mención de título del original The " i am" discourses of the minute men
700 1# - PUNTO DE ACCESO ADICIONAL--NOMBRE DE PERSONA
Nombre de persona Olijovsky, María
Término indicativo de función/relación tr.
9 (RLIN) 48799
700 1# - PUNTO DE ACCESO ADICIONAL--NOMBRE DE PERSONA
Nombre de persona Cedeño, Rubén
Término indicativo de función/relación pról.
9 (RLIN) 48800
Holdings
Estado de retiro Estado de pérdida Restricciones de uso No para préstamo Código de colección Localización permanente Ubicación/localización actual Ubicación en estantería Fecha de adquisición Número de inventario Total de préstamos Signatura topográfica completa Código de barras Fecha visto por última vez Precio válido a partir de Tipo de ítem Koha
        Monografías: Libros y Folletos General General En catalogación 20.12.2010 LF1   NNN G372d 23690-10 25.06.2020 25.06.2020 Préstamo en sala

Powered by Koha